000
00269nam a22001217a 4500
008
160521b xxu||||| |||| 00| 0 eng d
020
_a
9780805366242
020
_a
0805366245
041
_a
eng
080
_a
579
245
_a
Biology:
_c
Campbell Reece;
942
_2
udc
_c
BK
999
_c
2343
_d
2343